コンテンツを見る
Inicio
Centros participantes
Catálogo
Servicios
Contacto
ログイン
English
Deutsch
Español
Français
Italiano
日本語
Nederlands
Português
Português (Brasil)
中文(简体)
中文(繁體)
Türkçe
עברית
Gaeilge
Cymraeg
Ελληνικά
Català
Euskara
Русский
Čeština
Suomi
Svenska
polski
Dansk
slovenščina
اللغة العربية
বাংলা
Galego
Tiếng Việt
Hrvatski
हिंदी
Հայերէն
Українська
Sámegiella
言語
全フィールド
タイトル
著者
主題
請求記号
ISBN/ISSN
タグ
検索
詳細検索
Los partidos políticos
この資料を引用
この資料をメール
印刷
エクスポート
エクスポート先: RefWorks
エクスポート先: EndNoteWeb
エクスポート先: EndNote
お気に入りに追加
パーマネントリンク
Izvoz končan —
最初の評価を行う
Los partidos políticos
保存先:
書誌詳細
第一著者:
Schifter Sikora, Jacobo
フォーマット:
テキスト
出版事項:
Heredia:
IDELA
タグ:
タグ追加
タグなし, このレコードへの初めてのタグを付けませんか!
所蔵
その他の書誌記述
コメント
類似資料
MARC表示
MARC
LEADER
00000 a a2200000 04500
001
15995
003
040
|a
CRAI/IIS
|c
CRAI/IIS
090
|a
013600
100
|a
Schifter Sikora, Jacobo
245
|a
Los partidos políticos
260
|a
Heredia:
|b
IDELA
300
|a
105 p.
999
|c
17393
|d
17393
類似資料
La declaración de la edad en los censos de población de la América Latina . América Latina: exactitud y preferencia de dígitos en los censos de 1950, 1960 y 1970
著者:: Kamps E, Jorge E.
Información básica del sector agropecuario y de recursos naturales renovables de Costa Rica (número 2)
Información básica del sector agropecuario de Costa Rica
Normas para preparar trabajos de investigación Centro Latinoamericano de Demografía
Estudio socioeconómico del agro en Golfito y Corredores /
著者:: González B, Rodrigo